000 00984nam a22003017a 4500
001 8211
003 FISKH
005 20250902164135.0
008 250902b cb ||||| |||| 00| 0 eng d
020 _a9780439087179
040 _aFISKH
_beng
_cFISKH
_dFISKH
050 _a PZ8.W465 R
082 _a782.42162
100 _aWells, Rosemary
245 _aRead to your bunny /
_cBy Rosemary Wells
250 _aFirst Trade paperback edition, August 1999
260 _aNew York :
_bScholastic ,
_c1997.
300 _a32 unnumbered pages :
_bcolor illustrations ;
_c18 cm .
505 _aF
520 _aBrief rhyming text and colorful illustrations tell what happens when parents and children share twenty minutes a day reading.
521 8 _a300
_bLexile estimate
521 8 _aF
_bRaz-Plus
650 _aBunnies
_vChidren's Book
650 _aRabbits
_vChildren's Book
700 _aSaylor, David
_eBook designer
942 _2ddc
_cBK
_n0
999 _c8211
_d8211